[Event "EuYCh G18"]
[Site "Peniscola ESP"]
[Date "2002.10.07"]
[Round "8"]
[White "Komiagina,M"]
[Black "Sharevich,A"]
[Result "1-0"]
[WhiteElo "2218"]
[BlackElo "2145"]

1.e4 c5 2.Nf3 e6 3.d4 cxd4 4.Nxd4 a6 5.Nc3 b5 6.Bd3 Qb6 7.Nb3 Qc7 8.O-O Nf6
9.Qe2 d6 10.a4 b4 11.Na2 d5 12.e5 Nfd7 13.f4 Nc6 14.Be3 Be7 15.Rac1 Na5 16.Nxa5 Qxa5
17.f5 Nxe5 18.Bd4 Nxd3 19.cxd3 Qxa4 20.fxe6 Bxe6 21.Rc7 b3 22.Rxe7+ Kxe7
23.Bc5+ Ke8 24.Nc3 Qc6 25.d4 f6 26.Qh5+ Kd7 27.Ra1 a5 28.Na4 Rab8 29.Qh4 Rb7
30.Qg3 g6 31.Qf4 Bf5 32.Nc3 Re8 33.h3 Qe6 34.Kh2 g5 35.Qg3 h5 36.Rxa5 h4
37.Qf2 Be4 38.Nb5 g4 39.hxg4 Rg8 40.Nd6 Rc7 41.Ra6 Qxg4 42.Nxe4 dxe4 43.Rd6+ Kc8
44.Qf1 Qg3+ 45.Kh1 Qd3 46.Qf5+ Kb8 47.Rb6+ Rb7 48.Rxb7+ Kxb7 49.Qd5+ Kc7
50.Qd6+ Kc8 51.Qe6+ Kb7 52.Qxg8 Qf1+ 53.Kh2 Qf4+ 54.Kh3 e3 55.Qxb3+ Kc6 56.Qe6+ Kb5
57.Qb6+ Kc4 58.b3+ Kc3 59.Qa5+ Kd3 60.Qa6+ Kc3 61.Qc4+ Kb2 62.Qe2+ Kb1 63.Qf3 Qg5
64.Qg4  1-0

[Event "ch-PER"]
[Site "Lima PER"]
[Date "2002.10.08"]
[Round "11"]
[White "Soto,Jo"]
[Black "Esplana,C"]
[Result "0-1"]
[WhiteElo "2412"]
[BlackElo "2335"]

1.e4 c5 2.Nf3 e6 3.Nc3 a6 4.d4 cxd4 5.Nxd4 Qc7 6.a3 Nf6 7.Be2 b5 8.f4 Bb7
9.Bf3 d6 10.O-O Nc6 11.Kh1 Be7 12.Be3 O-O 13.g4 Nxd4 14.Qxd4 e5 15.Qd1 exf4
16.Bxf4 Nd7 17.Bg2 Ne5 18.g5 Rfe8 19.Qh5 Bf8 20.Rae1 g6 21.Qh4 Qe7 22.Qg3 Rac8
23.Re2 Bg7 24.Nd5 Bxd5 25.exd5 Rc7 26.Ref2 Qd8 27.c3 Rce7 28.Bc1 Rc7 29.h3 Qb8
30.Rf6 Qd8 31.Be3 Rd7 32.Bd4 h5 33.Kg1 Ree7 34.R1f4 Qe8 35.b3 a5 36.Bf1 Qb8
37.Rf2 Qb7 38.Qg2 Re8 39.R6f4 Rde7 40.Rf6 Rd7 41.Kh2 Ree7 42.b4 a4 43.Kg1 Nc4
44.Bxc4 bxc4 45.Qf3 Qa8 46.h4 Qe8 47.Rf4 Bxd4 48.Rxd4 Re3 49.Qf4 Rxc3 50.Re4 Re7
51.Rfe2 Rxe4 52.Rxe4 Qd8 53.Rxc4 Qb6+ 54.Kg2 Rxc4 55.Qxc4 Qe3 56.b5 Qxa3
57.b6 Qb2+ 58.Kg1 Qxb6+ 59.Kf1 Qb1+ 60.Kf2 Qb2+  0-1

[Event "FSFMA Oct"]
[Site "Budapest HUN"]
[Date "2002.10.11"]
[Round "7"]
[White "Szamoskozi,G"]
[Black "Tessedik,K"]
[Result "0-1"]
[WhiteElo "2201"]
[BlackElo "2018"]

1.e4 c5 2.Nc3 e6 3.Nf3 a6 4.d4 cxd4 5.Nxd4 Nc6 6.Be3 Nf6 7.Be2 Be7 8.O-O Nxd4
9.Bxd4 O-O 10.a4 d6 11.f4 Qc7 12.a5 Bd7 13.Kh1 Rac8 14.e5 Ne8 15.Bd3 g6 16.Na4 Bxa4
17.Rxa4 d5 18.b4 Qc6 19.c3 Nc7 20.Ra2 Nb5 21.Bxb5 Qxb5 22.Raf2 Kg7 23.f5 exf5
24.g4 fxg4 25.Qxg4 Kg8 26.Rxf7 Qxf1+ 27.Rxf1 Rxf1+ 28.Kg2 Rf5 29.Qe2 Rcf8
30.h3 Bh4 31.Qd1 Rg5+ 32.Kh1 Rg3 33.Qb3 Rff3 34.Qxd5+ Kg7 35.Qxb7+ Kh6 36.Qc8 Rxh3+
37.Kg2 Rhg3+ 38.Kh2 Rd3 39.Qf8+ Kh5 40.Qc5 Rh3+ 41.Kg2 Rdg3+ 42.Kf1 Rh1+
43.Ke2 Rh2+ 44.Kf1 Rd3 45.e6+ g5 46.Kg1 Rc2 47.Kh1 Bg3 48.Bg1 Bf4 49.Bf2 Rh3+
50.Kg1 Rh2 51.Be3 Rhe2 52.Bf2 Rxf2 53.e7 Bh2+  0-1

[Event "TCh-SWE"]
[Site "Helsingborg SWE"]
[Date "2002.10.11"]
[Round "1"]
[White "Thornert,H"]
[Black "Dzevlan,M"]
[Result "0-1"]
[WhiteElo "2205"]
[BlackElo "2379"]

1.e4 c5 2.Nf3 e6 3.Nc3 a6 4.d4 cxd4 5.Nxd4 d6 6.Bd3 Nf6 7.f4 Qc7 8.Qe2 Nbd7
9.g4 Nc5 10.f5 h6 11.Bd2 b5 12.b4 Nxd3+ 13.cxd3 Be7 14.Rc1 Qd7 15.h4 Bb7
16.O-O e5 17.Nb3 Rc8 18.g5 hxg5 19.hxg5 Nh5 20.Qf3 Bd8 21.Nd5 Rxc1 22.Rxc1 g6
23.f6 O-O 24.Kg2 Re8 25.Rh1 Bxd5 26.exd5 Bb6 27.Re1 Rc8 28.d4 Rc4 29.Re4 Bxd4
30.Nxd4 Rxd4 31.Rxd4 exd4 32.Qe4 Qc8 33.Qxd4 Qf5 34.a3 Kh7 35.Be3 Qc2+ 36.Kf3 Qh2
37.Qg4 Qh1+ 38.Qg2 Qd1+ 39.Kf2 Qd3 40.Qh3 Qxa3 41.Qg4 Qa2+ 42.Kg1 Qxd5 43.Kf2 Qa2+
44.Kg1 a5 45.bxa5 Qxa5 46.Qd7 Qa1+ 47.Kg2 Qa2+ 48.Kg1 Qd5 49.Qg4 Qb3 50.Qe4 Qd1+
51.Kf2 Qb3 52.Qc6 Qa2+ 53.Kf3 b4 54.Qxd6 Qc4 55.Qd2 b3 56.Bd4 Qd5+ 57.Kf2 Qe4
58.Be3 Qh4+ 59.Kf3 Qh3+ 60.Ke4 Ng3+ 61.Kd5 Qd7+  0-1

[Event "4th ZNG111 IM"]
[Site "Opatija CRO"]
[Date "2002.10.11"]
[Round "9"]
[White "Rezan,S"]
[Black "Bistric,F"]
[Result "0-1"]
[WhiteElo "2414"]
[BlackElo "2484"]

1.e4 c5 2.Nf3 e6 3.d4 cxd4 4.Nxd4 a6 5.Nc3 Qc7 6.Be2 b5 7.O-O Bb7 8.Re1 Nc6
9.Bf1 Rd8 10.Nd5 Qb8 11.a4 b4 12.c3 Bd6 13.Qg4 bxc3 14.Nf5 Bxh2+ 15.Kh1 Be5
16.f4 cxb2 17.Bxb2 Bxb2 18.e5 Nxe5 19.fxe5 Bxe5  0-1

[Event "FSGM Oct"]
[Site "Budapest HUN"]
[Date "2002.10.12"]
[Round "8"]
[White "Suarez,Da"]
[Black "Szieberth,A"]
[Result "1-0"]
[WhiteElo "2240"]
[BlackElo "2371"]

1.e4 c5 2.Nc3 e6 3.Nf3 a6 4.d4 cxd4 5.Nxd4 b5 6.Bd3 Bc5 7.Nb3 Be7 8.e5 Qc7
9.O-O Bb7 10.a4 b4 11.Ne4 Qxe5 12.f4 Qd5 13.Qe2 Nf6 14.Nxf6+ Bxf6 15.Be3 Nc6
16.Bc4 Qd6 17.Rad1 Qc7 18.Nc5 d5 19.Nxb7 Qxb7 20.Bb3 O-O 21.f5 Bxb2 22.Qg4 exf5
23.Qxf5 Ne7 24.Qf2 Kh8 25.Bc5 Bf6 26.Qd2 Qc7 27.Bxb4 Be5 28.h3 Bd6 29.Bc3 f6
30.Rf3 Bc5+ 31.Kh1 a5 32.Qe2 Rad8 33.Qa6 Bb6 34.Bb2 d4 35.Ba3 Bc5 36.Qc4 Rd5
37.Bb2 Qd7 38.Qa6 Re5 39.c3 Rf5 40.Rfd3 Rf2 41.cxd4 Rxb2 42.dxc5 Qf5 43.Rd8 Ng6
44.Qd6 h5 45.Rxf8+ Kh7 46.Bf7 Rxg2 47.Bxg6+ Rxg6 48.Qd3 Qf2 49.Rh8+ Kxh8
50.Qxg6 Qf3+ 51.Kh2 Qxd1 52.Qe8+ Kh7 53.Qe4+ g6 54.c6 Qd2+ 55.Kg1 Qd1+ 56.Kf2 Qd2+
57.Kf3 Qc3+ 58.Ke2 Qb2+ 59.Kd3 Qa3+ 60.Kc4 Qxa4+ 61.Kd5 Qa2+ 62.Kd6 Qh2+
63.Kd7 Qxh3+ 64.Qe6 Qd3+ 65.Qd6 Qb5 66.Ke7 a4 67.c7 Qb7 68.Qd7 Kh6 69.c8=Q Qe4+
70.Kf7 Qf4 71.Qh8+ Kg5 72.Qd5+ Kg4 73.Qg2+  1-0

[Event "6th Final RUS Cup"]
[Site "Nefteyugansk RUS"]
[Date "2002.10.12"]
[Round "9"]
[White "Kazakov,P"]
[Black "Bocharov,D"]
[Result "0-1"]
[WhiteElo "2424"]
[BlackElo "2502"]

1.e4 c5 2.Nf3 e6 3.Nc3 a6 4.d4 cxd4 5.Nxd4 Nc6 6.Be2 Qc7 7.O-O Nf6 8.Kh1 Be7
9.f4 d6 10.Bf3 O-O 11.e5 dxe5 12.Nxc6 bxc6 13.fxe5 Nd5 14.Qe1 Nxc3 15.Qxc3 Bb7
16.Be3 c5 17.Bxb7 Qxb7 18.b3 Rad8 19.Bf4 Rd4 20.Qg3 Qe4 21.c4 Rfd8 22.Rae1 Qb7
23.Qf2 Bf8 24.Be3 Rd3 25.Re2 Rd1 26.Ree1 Rxe1 27.Rxe1 Qc7 28.Rf1 Rd7 29.Bf4 g6
30.Qf3 Qd8 31.h3 Rd3 32.Qb7 Rd1 33.Rxd1 Qxd1+ 34.Kh2 Qd4 35.Bg3 h5 36.Qb8 h4
37.Be1 Kg7 38.g4 Be7 39.Kg2 Qe4+ 40.Kf1 Qh1+ 41.Ke2 Qe4+ 42.Kd1 Qd3+ 43.Bd2 Qxh3
44.Qc7 Qxg4+ 45.Kc1 Bg5  0-1

[Event "TCh-CZE 2002-3"]
[Site "Czech Rep CZE"]
[Date "2002.10.13"]
[Round "2"]
[White "Bernard,B"]
[Black "Vyskocil,N"]
[Result "0-1"]
[WhiteElo "2305"]
[BlackElo "2387"]

1.e4 c5 2.Nf3 e6 3.d4 cxd4 4.Nxd4 a6 5.Nc3 d6 6.Be2 Nf6 7.Be3 Be7 8.O-O O-O
9.f4 Qc7 10.g4 d5 11.exd5 Nxd5 12.Nxd5 exd5 13.Bf3 Rd8 14.Qd2 Bc5 15.c3 Nd7
16.Qg2 Nb6 17.Rad1 Bd7 18.Kh1 Re8 19.Bg1 Ba4 20.Rd2 Rad8 21.Re2 Bd7 22.f5 Rxe2
23.Bxe2 Re8 24.f6 g6 25.Bf3 a5 26.Bf2 a4 27.b4 Bf8 28.Nf5 Kh8 29.Ne7 Bb5
30.Re1 Qxc3 31.Nxg6+ hxg6 32.Rxe8 Bxe8 33.Bxb6 Qxf6 34.Bc5 Bxc5 35.bxc5 Bc6
36.h3 Qc3 37.Qf2 Kg7 38.Kg2 d4 39.Bxc6 bxc6 40.g5 d3 41.Qe3 Qb2+ 42.Kf1 Qa1+
43.Qe1 Qd4 44.Qd1 Qf4+ 45.Kg2 Qxg5+ 46.Kh2 Qe5+ 47.Kh1  0-1

[Event "19th Muensterland Open"]
[Site "Senden GER"]
[Date "2002.10.16"]
[Round "7"]
[White "Landa,K"]
[Black "Lingnau,C"]
[Result "1-0"]
[WhiteElo "2632"]
[BlackElo "2429"]

1.e4 c5 2.Nf3 e6 3.d4 cxd4 4.Nxd4 a6 5.Nc3 b5 6.Bd3 Qb6 7.Nf3 Nc6 8.O-O Qb8
9.e5 Bb7 10.Re1 Nge7 11.Be4 Qc7 12.a3 f5 13.exf6 gxf6 14.Nd4 Nxd4 15.Bxb7 Qxb7
16.Qxd4 Bg7 17.Ne4 Nf5 18.Qc5 e5 19.g4 d5 20.gxf5 dxe4 21.Qd6 Qc8 22.Re3 Ra7
23.Rg3 Qd7 24.Qxd7+ Rxd7 25.Be3 h5 26.Kf1 Kf7 27.Ke2 Rc8 28.c3 a5 29.Rd1 Rxd1
30.Kxd1 Rh8 31.Kc2 Rc8 32.Rh3 b4 33.axb4 axb4 34.Rxh5 bxc3 35.bxc3 Ra8 36.Rh4 Ra2+
37.Kb3 Ra1 38.Rxe4 Bf8 39.Ra4 Rh1 40.h4 Rh3 41.Ra7+ Ke8 42.Kc4 Rh1 43.h5  1-0

[Event "V Autumn"]
[Site "Alushta UKR"]
[Date "2002.10.22"]
[Round "11"]
[White "Kayumov,S"]
[Black "Alexandrova,O"]
[Result "1/2-1/2"]
[WhiteElo "2330"]
[BlackElo "2430"]

1.e4 c5 2.Nf3 e6 3.d4 cxd4 4.Nxd4 a6 5.Nc3 Nc6 6.Be2 Qc7 7.O-O Nf6 8.Kh1 Nxd4
9.Qxd4 Bc5 10.Qd3 b5 11.f4 h5 12.Bf3 Bb7 13.e5 Ng4 14.Bxb7 Qxb7 15.Ne4 Rc8
16.Bd2 Be7 17.a3 Qd5 18.Rac1 Qxd3 19.cxd3 O-O 20.h3 Nh6 21.Bb4 Bxb4 22.axb4 Nf5
23.Rxc8 Rxc8 24.Ra1 Rc2 25.Rxa6 Rxb2 26.Ng5 g6 27.Ne4 h4 28.Nf6+ Kg7 29.Ra8 Rb1+
30.Kh2 Ng3 31.Rg8+ Kh6 32.Rh8+ Kg7 33.Rg8+ Kh6 34.Rh8+ Kg7 35.Rg8+ Kh6  1/2-1/2

[Event "Blue Autumn"]
[Site "Bucharest ROM"]
[Date "2002.10.24"]
[Round "2"]
[White "Radovanovic,D"]
[Black "Ionescu,Co"]
[Result "1/2-1/2"]
[WhiteElo "2334"]
[BlackElo "2489"]

1.e4 c5 2.Nf3 e6 3.d4 cxd4 4.Nxd4 a6 5.Nc3 b5 6.Bd3 Bc5 7.Nb3 Ba7 8.Bf4 Ne7
9.Qe2 Ng6 10.Bg3 Nc6 11.O-O-O b4 12.Nd5 Bb8 13.Bxb8 Rxb8 14.Ne3 a5  1/2-1/2

[Event "Senior WM"]
[Site "Naumburg GER"]
[Date "2002.10.24"]
[Round "4"]
[White "Katalymov,B"]
[Black "Karasev,V"]
[Result "0-1"]
[WhiteElo "2378"]
[BlackElo "2450"]

1.e4 c5 2.Nf3 e6 3.d4 cxd4 4.Nxd4 a6 5.Nc3 Qc7 6.g3 Bb4 7.Ne2 Nf6 8.Bg2 d6
9.O-O Nbd7 10.Na4 e5 11.a3 Bc5 12.Nxc5 Nxc5 13.Nc3 Be6 14.Bg5 Ncd7 15.Qd2 h6
16.Be3 Nb6 17.b3 Rc8 18.Na2 Nbd7 19.Rfd1 Qxc2 20.Qxd6 Rc6 21.Qb4 Qxb3 22.Qe1 Rc4
23.Bf1 Rxe4 24.Rdb1 Rxe3 25.fxe3 Qa4 26.Nc3 Qc6 27.Bg2 e4 28.Ne2 O-O 29.Nd4 Qd5
30.Qb4 Qg5 31.Qd2 Nc5 32.Rc1 Nb3 33.Nxb3 Bxb3 34.Rab1 Qd5 35.Qb4 Ba2 36.Rc5 Qd3
37.Re1 b5 38.Bf1 Qd7 39.Rec1 Re8 40.Rc7 Qf5 41.Qc5 Re5 42.Qc2 Be6 43.Ra7 Ng4
44.Qe2 Bc4 45.Qe1 Bxf1 46.Qxf1 Qh5 47.Rc8+ Kh7 48.Qxf7 Qxh2+ 49.Kf1 Nxe3+
50.Ke1 Qxg3+ 51.Ke2 Nf5 52.Qg8+ Kg6 53.Rxa6+ Kh5 54.Qf7+ g6 55.Rd8 e3 56.Rd1 Qg4+
57.Ke1 e2  0-1

[Event "10th Chigorin Mem"]
[Site "St Petersburg RUS"]
[Date "2002.10.27"]
[Round "3"]
[White "Geller,J"]
[Black "Vorobiov,E"]
[Result "0-1"]
[WhiteElo "2433"]
[BlackElo "2549"]

1.e4 c5 2.Nc3 e6 3.Nf3 a6 4.d4 cxd4 5.Nxd4 d6 6.Be2 Nf6 7.f4 Be7 8.O-O O-O
9.Be3 Nc6 10.Kh1 Qc7 11.Qe1 Nxd4 12.Bxd4 b5 13.a3 Bb7 14.Qg3 Bc6 15.Rae1 Qb7
16.Bd3 g6 17.f5 e5 18.Be3 Nh5 19.Qh3 Bf6 20.Be2 Nf4 21.Bxf4 exf4 22.Rxf4 Rae8
23.Bd3 Qe7 24.Ref1 Qe5 25.Qf3 g5 26.Rg4 h5 27.Rg3 Kg7 28.Qe3 Rh8 29.Rxg5+ Bxg5
30.Qxg5+ Kf8 31.Rf3 f6 32.Qe3 Rh7 33.Rg3 h4 34.Rh3 Bb7 35.Qf2 d5 36.Rxh4 Ree7
37.Qf4 Rxh4 38.Qxh4 Ke8 39.h3 dxe4 40.Be2 e3 41.Kg1 Kd7 42.a4 Rg7 43.Bf1 bxa4
44.Qxa4+ Kc7 45.Qc4+ Kb8 46.Qb4 Rg5 47.Qb6 Rg8 48.Qb3 Rg7 49.Qb4 Ka7 50.Qa3 Rg8
51.Nb5+ Ka8 52.Qa2 Qg3 53.Nc7+ Ka7 54.Nb5+ Kb8 55.Nd6 Qf2+ 56.Kh2 Rxg2+  0-1

[Event "Blue Autumn"]
[Site "Bucharest ROM"]
[Date "2002.10.28"]
[Round "6"]
[White "Vasiesiu,D"]
[Black "Ionescu,Co"]
[Result "1/2-1/2"]
[WhiteElo "2435"]
[BlackElo "2489"]

1.e4 c5 2.Nf3 e6 3.d4 cxd4 4.Nxd4 a6 5.Nc3 b5 6.Bd3 Bc5 7.Nb3 Ba7 8.O-O Nc6
9.Qg4 Qf6 10.Qg3 Qg6 11.Qh4 Nf6 12.Bf4 Qg4 13.Qxg4 Nxg4 14.Bd6 Bb8 15.Bxb8  1/2-1/2

[Event "Olympiad"]
[Site "Bled SLO"]
[Date "2002.10.29"]
[Round "4"]
[White "Parligras,M"]
[Black "Manik,M"]
[Result "1/2-1/2"]
[WhiteElo "2490"]
[BlackElo "2419"]

1.e4 c5 2.Nf3 e6 3.Nc3 a6 4.d4 cxd4 5.Nxd4 b5 6.Bd3 Qb6 7.Nf3 Nc6 8.O-O d6
9.a4 b4 10.Nb1 Nf6 11.Nbd2 Be7 12.Nc4 Qc7 13.a5 Bb7 14.Bf4 O-O 15.Qe2 Nd7
16.Rfd1 Nce5 17.Nfxe5 dxe5 18.Be3 Bc5 19.c3 bxc3 20.bxc3 Bc6 21.Nb6 Bxb6
22.axb6 Nxb6 23.Rxa6 Rxa6 24.Bxa6 Bxe4 25.Bxb6 Qxb6 26.Qxe4 Qxa6 27.Qxe5 h6  1/2-1/2

[Event "Olympiad"]
[Site "Bled SLO"]
[Date "2002.10.29"]
[Round "4"]
[White "Domingos,C"]
[Black "Rohl,J"]
[Result "0-1"]
[WhiteElo "2247"]
[BlackElo "2379"]

1.e4 c5 2.Nf3 e6 3.Nc3 a6 4.d4 cxd4 5.Nxd4 b5 6.g3 Bb7 7.Bg2 b4 8.Na4 Nf6
9.Qe2 Qa5 10.b3 Nc6 11.Bb2 Nxd4 12.Bxd4 e5 13.Bb2 Bc6 14.Qe3 Bxa4 15.bxa4 Bc5
16.Qb3 O-O 17.h3 Rab8 18.O-O d6 19.Kh2 Qb6 20.f4 Bd4 21.Bxd4 Qxd4 22.Rad1 Qc5
23.Qd3 Rb6 24.Rd2 Rc6 25.fxe5 dxe5 26.Rf5 h6 27.g4 Qe7 28.Qg3 Rc3 29.Qe1 Rfc8
30.Qd1 a5 31.Qe2 Qc5 32.Qb5 Qe3 33.Rd3 Rxd3 34.Qxd3 Qxd3 35.cxd3 Nd7 36.Rf2 Rc3
37.Rd2 Nc5 38.d4 exd4 39.Rxd4 Nxa4 40.Rd2 Nc5 41.e5 g5 42.Rf2 Ne6 43.Rb2 Re3
44.Kg1 Rxe5 45.Kf2 Kg7 46.Rd2 Nf4 47.Bf1 Rc5 48.Kg3 Rc3+ 49.Kh2 Rf3 50.Bg2 Nxg2
51.Kxg2 Ra3 52.Rf2 a4 53.Rb2 b3 54.axb3 Rxb3 55.Rc2 a3 56.Rc6 a2 57.Ra6 Rb2+
58.Kg3 Kf8 59.h4 Ke7 60.hxg5 hxg5 61.Kf3 Kd7 62.Ke4 Rf2 63.Kd5 Ke7 64.Ke5 Kf8
65.Ra8+ Kg7 66.Ra7 Kg6 67.Ra8 f6+ 68.Ke4 Rf4+ 69.Ke3 Rxg4  0-1

[Event "Olympiad"]
[Site "Bled SLO"]
[Date "2002.10.29"]
[Round "4"]
[White "Ahmed,Es"]
[Black "Solomon,K"]
[Result "0-1"]
[WhiteElo "2394"]
[BlackElo "2331"]

1.e4 c5 2.Nf3 e6 3.d4 cxd4 4.Nxd4 a6 5.Nc3 Qc7 6.g3 Nf6 7.Bg2 Nc6 8.O-O Bc5
9.Nb3 Ba7 10.Nd5 exd5 11.exd5 O-O 12.dxc6 dxc6 13.Bf4 Qd8 14.Bd6 Bg4 15.Qd2 Re8
16.Rfe1 Qd7 17.Be5 Rad8 18.Qxd7 Rxd7 19.Bxf6 Rxe1+ 20.Rxe1 gxf6 21.h3 Be6
22.Re2 Rd1+ 23.Kh2 Bb6 24.Bf3 Rb1 25.c3 a5 26.Be4 Rd1 27.Bf3 Rd8 28.Kg2 Kg7
29.Nc1 f5 30.b3 Kf6 31.Rc2 Bc7 32.Be2 Bd5+ 33.Bf3 Be6 34.Be2 Bd5+ 35.Bf3 Be4
36.Re2 Rd1 37.Rxe4 Rxc1 38.Rc4 Be5 39.Rc5 Rxc3 40.Rxa5 Rc2 41.Kf1 Bd4 42.Be2 Rc5
43.Ra4 Rc1+ 44.Kg2 Bc5 45.Rf4 Bd6 46.Rf3 f4 47.a4 b6 48.h4 Be5 49.Bc4 h6
50.Rd3 Ke7 51.gxf4 Bf6  0-1

[Event "Olympiad"]
[Site "Bled SLO"]
[Date "2002.10.30"]
[Round "5"]
[White "Belotti,B"]
[Black "Mahjoob,M"]
[Result "1-0"]
[WhiteElo "2419"]
[BlackElo "2393"]

1.e4 c5 2.Nf3 e6 3.d4 cxd4 4.Nxd4 a6 5.Nc3 b5 6.Bd3 Qb6 7.Nf3 Nc6 8.O-O Qb8
9.Bg5 Bd6 10.Bh4 Nf6 11.Bg3 Bxg3 12.hxg3 O-O 13.Re1 d6 14.Qd2 Rd8 15.Rad1 Bb7
16.Qf4 Qc7 17.g4 Nd7 18.g5 b4 19.Nb1 Nce5 20.Nxe5 dxe5 21.Qg3 Nf8 22.Nd2 Ng6
23.Nc4 Rd4 24.b3 Rad8 25.Rd2 Nf4 26.Kf1 Bc6 27.Qe3 Bb5 28.Red1 R8d7 29.g3 Ng6
30.Ke1 Ne7 31.Bf1 Nc6 32.Rxd4 Nxd4 33.Rd2 Qd8 34.Kd1 Bxc4 35.Bxc4 Qa5 36.Rd3 Qxa2
37.Qc1 g6 38.f4 Qa5 39.fxe5 Qxe5 40.Qf4 Qa5 41.Qd6  1-0

[Event "Olympiad"]
[Site "Bled SLO"]
[Date "2002.10.30"]
[Round "5"]
[White "Klerides,P"]
[Black "Kesmaecker,P"]
[Result "1-0"]
[WhiteElo "2183"]
[BlackElo "2274"]

1.e4 c5 2.Nf3 e6 3.d4 cxd4 4.Nxd4 a6 5.Nc3 Qc7 6.Bd3 Nf6 7.O-O g6 8.Qf3 Bg7
9.Bh6 Bxh6 10.Qxf6 Rg8 11.Nf5 gxf5 12.Qxh6 f4 13.Qxh7 Kf8 14.Qh6+ Rg7 15.Kh1 Nc6
16.Ne2 e5 17.Nc3 Ne7 18.Nd5 Nxd5 19.exd5 d6 20.g3 Qc5 21.c4 b5 22.gxf4 bxc4
23.Be4 Bg4 24.Rg1 Qd4 25.Rxg4 Qxe4+ 26.Kg1 Qh7 27.Qxd6+ Kg8 28.Rxg7+ Qxg7+
29.Kh1 Kh7 30.Rg1 Qh6 31.Qxh6+ Kxh6 32.fxe5 Rb8 33.Rc1 Rb5 34.d6 Rxe5 35.Rd1 Re8
36.d7 Rd8 37.Kg2 Kg6 38.Kf3 Kf6 39.Kf4 a5 40.h4 a4 41.a3 Ke6 42.h5 Kf6 43.f3 Ke6
44.h6 Kf6 45.Rd6+ Ke7 46.Ke5 f6+ 47.Ke4  1-0

[Event "Blue Autumn"]
[Site "Bucharest ROM"]
[Date "2002.10.30"]
[Round "8"]
[White "Kalezic,B"]
[Black "Ionescu,Co"]
[Result "1-0"]
[WhiteElo "2430"]
[BlackElo "2489"]

1.e4 c5 2.Nf3 e6 3.d4 cxd4 4.Nxd4 a6 5.Nc3 b5 6.Bd3 Bc5 7.Nb3 Ba7 8.Bf4 Ne7
9.Qe2 Nbc6 10.e5 Bb8 11.Bg3 b4 12.Na4 Nf5 13.Bxf5 exf5 14.O-O-O O-O 15.f4 a5
16.Bf2 Bc7 17.Bc5 Re8 18.Bd6 Bb6 19.Nxb6 Qxb6 20.g4 a4 21.Nc5 Ra5 22.Qc4 fxg4
23.Rhg1 Ba6 24.Nxa6 Qxa6 25.Qxa6 Rxa6 26.Rxg4 Rb6 27.Rg3 Rc8 28.a3 b3 29.Rc3 bxc2
30.Rd4 Ra8 31.Rdc4 Raa6 32.Kxc2 f5 33.e6 dxe6 34.Bc7 Ne7 35.Bxb6 Rxb6 36.Rxa4 Nd5
37.Rg3 Rb7 38.Rc4 Kf7 39.b4 Kf6 40.Kb3 h6 41.h4  1-0

[Event "10th Chigorin Mem B"]
[Site "St Petersburg RUS"]
[Date "2002.10.31"]
[Round "6"]
[White "Ivanov,Al3"]
[Black "Zemerov,V"]
[Result "1/2-1/2"]
[WhiteElo "2212"]
[BlackElo "2317"]

1.e4 c5 2.Nf3 e6 3.d4 cxd4 4.Nxd4 a6 5.Nc3 b5 6.Bd3 Bb7 7.O-O Qc7 8.a4 b4
9.Nce2 Nf6 10.Ng3 h5 11.Re1 h4 12.Nf1 h3 13.g3 Nc6 14.Nb3 Ne5 15.Qe2 d5 16.Bf4 dxe4
17.Bxe5 Qxe5 18.Nfd2 Be7 19.Nxe4 O-O 20.Nxf6+ Qxf6 21.Na5 Bf3 22.Qe3 Rfc8
23.Nc4 Bc5 24.Qe5 Bd4 25.Qxf6 gxf6 26.a5 Rc6 27.Ra4 Rb8 28.b3 Rd8 29.Nd2 Bd5
30.Rxb4 Bc3 31.Rg4+ Kf8 32.Rd1 Bxd2 33.Rxd2 Bxb3 34.Rh4 Ke7 35.Rxh3 Bc4 36.g4 Rd4
37.Rg3 Bxd3 38.Rdxd3 Ra4 39.Ra3 Rxa3 40.Rxa3 Rxc2 41.Kg2 Kf8 42.Kg3 Kg7 43.h4 Rc5  1/2-1/2

[Event "Olympiad"]
[Site "Bled SLO"]
[Date "2002.11.01"]
[Round "7"]
[White "Guller,A"]
[Black "Agnelio,A"]
[Result "1-0"]
[WhiteElo "2115"]
[BlackElo "2266"]

1.e4 c5 2.Nf3 e6 3.Nc3 a6 4.d4 cxd4 5.Nxd4 d6 6.Bd3 Nf6 7.O-O Be7 8.f4 Nbd7
9.Kh1 O-O 10.Qe2 Qc7 11.Bd2 Re8 12.Rae1 e5 13.Nf5 Bf8 14.fxe5 dxe5 15.Bg5 Qc6
16.Qf3 Re6 17.Nd5 Kh8 18.Nh6 gxh6 19.Bxf6+ Nxf6 20.Nxf6 Bg7 21.Nh5 Rg6 22.Nxg7 Rxg7
23.Qf6 Qxf6 24.Rxf6 Be6 25.Rxh6 Rag8 26.g3 Rd8 27.b3 Rg5 28.Rf1 Kg7 29.Rhf6 Rd6
30.R6f2 Rd7 31.Kg2 Kf8 32.Kf3 Ke7 33.Ke3 Rg6 34.c4 Kd6 35.Rf6 Kc5 36.Rxg6 hxg6
37.a3 a5 38.Rb1 f5 39.b4+ axb4 40.axb4+ Kc6 41.Rf1 Rf7 42.h4 Kd6 43.h5 f4+
44.gxf4 exf4+ 45.Rxf4 gxh5 46.Rxf7 Bxf7 47.Kf4 b6 48.e5+ Ke7 49.c5 bxc5 50.bxc5 Kd7
51.Bb5+ Kc7 52.Kg5 Bd5 53.Kxh5 Kd8 54.Kg5 Ke7 55.Kf5 Bg2 56.c6 Bh3+ 57.Ke4 Be6
58.c7 Bc8 59.Bc6 Ke6 60.Kd4 Ba6 61.Ba4 Bc8 62.Ke4 Bb7+ 63.Kf4 Bc8 64.Bd1 Kd7
65.Bg4+ Kxc7 66.Bxc8 Kxc8 67.Ke4  1-0

[Event "Olympiad"]
[Site "Bled SLO"]
[Date "2002.11.01"]
[Round "7"]
[White "Mateo,Ra"]
[Black "Zapata,A"]
[Result "1/2-1/2"]
[WhiteElo "2420"]
[BlackElo "2556"]

1.e4 c5 2.Nf3 e6 3.d4 cxd4 4.Nxd4 a6 5.Nc3 b5 6.g3 Bb7 7.Bg2 Nf6 8.a3 d6
9.g4 Be7 10.O-O Qc7 11.g5 Nfd7 12.Qh5 g6 13.Qh6 Bf8 14.Qh3 Nc5 15.b4 Na4
16.Nxa4 bxa4 17.e5 dxe5 18.Bb2 Bxg2 19.Qxg2 Ra7 20.f4 Bg7 21.Nf3 Nc6 22.Rae1 O-O
23.Nxe5 Nxe5 24.fxe5 Rd8 25.Re4 Bf8 26.Bd4 Rb7 27.Ref4 Rd7 28.h4 a5 29.c3 Qc4
30.Qf2 Qd5 31.h5 axb4 32.hxg6 hxg6 33.axb4 Bg7 34.Qe2 Qc6 35.Rh4 Rd8 36.Rf3 a3
37.Rfh3 Qa4 38.Qh2 Qd1+ 39.Kf2 Qd2+ 40.Kf3 Qd3+ 41.Kf2 Qd2+ 42.Kf3 Qd3+ 43.Kf2 Qd2+
44.Kf3  1/2-1/2

[Event "Olympiad"]
[Site "Bled SLO"]
[Date "2002.11.01"]
[Round "7"]
[White "Arizmendi Martinez,J"]
[Black "Bistric,F"]
[Result "1/2-1/2"]
[WhiteElo "2510"]
[BlackElo "2484"]

1.e4 c5 2.Nf3 e6 3.Nc3 a6 4.d4 cxd4 5.Nxd4 Qc7 6.g3 d6 7.Bg2 Ne7 8.O-O Nec6
9.Nde2 Be7 10.b3 O-O 11.Bb2 Nd7 12.f4 Re8 13.g4 b5 14.a3 Bb7 15.g5 b4 16.axb4 Nxb4
17.h4 d5 18.exd5 exd5 19.Nd4 Bf8 20.Na4 Rad8 21.Qd2 Nb8 22.Rae1 Rxe1 23.Rxe1 N8c6
24.Re2 Bc8 25.Rf2 Bg4 26.Qc3 Rc8 27.Nxc6 Qxc6 28.Qxc6 Rxc6 29.c4 Nd3 30.Bxd5 Rc8
31.Rg2 Bd1 32.Rd2 Bxb3 33.Rxd3 Bxa4 34.Ba3 Bc6 35.Bxc6 Bxa3 36.Bb7 Bc5+ 37.Kg2 Re8
38.Bxa6 g6 39.Rd5 Re2+ 40.Kf3 Re3+ 41.Kg2 Re2+ 42.Kf1 Rf2+ 43.Ke1 Be3 44.Re5 Bd4
45.Re4 Bc5 46.Re5 Bd4 47.Re4 Bc5 48.Bb7 Rh2 49.Bd5 Rxh4 50.Ke2 Kg7 51.Kf3 h6
52.f5  1/2-1/2

[Event "Olympiad w"]
[Site "Bled SLO"]
[Date "2002.11.01"]
[Round "7"]
[White "Lujan,C"]
[Black "Vasilevich,T"]
[Result "1-0"]
[WhiteElo "2238"]
[BlackElo "2415"]

1.e4 c5 2.Nf3 e6 3.d4 cxd4 4.Nxd4 a6 5.Nc3 Qc7 6.Be2 b5 7.O-O Bb7 8.Re1 d6
9.Bf1 Nf6 10.f4 b4 11.e5 Nfd7 12.Ne4 dxe5 13.fxe5 Qxe5 14.Ng5 Qd5 15.Kh1 Be7
16.Ngf3 Nc6 17.c4 bxc3 18.bxc3 Nxd4 19.cxd4 O-O 20.Bd3 Nf6 21.Re5 Qd7 22.Bb2 Rfd8
23.Qf1 Bd6 24.Ree1 h6 25.Rad1 Qe7 26.Ne5 a5 27.a4 Rac8 28.Bb1 Bd5 29.Qd3 Qb7
30.Qe2 Bb3 31.Rd3 Bxa4 32.Rg3 Rb8 33.Bc3 Bb4 34.Bxb4 Qxb4 35.Nxf7 Kxf7 36.Qxe6+ Kf8
37.Ba2 Qxe1+ 38.Qxe1 Rxd4 39.Rxg7 Kxg7 40.Qe7+ Kg6 41.Bf7+ Kf5 42.Qe6+ Kf4
43.Qxf6+ Ke3 44.Qe5+ Re4 45.Qxb8 Rb4 46.Qg3+ Kd2 47.h4 Bc2 48.Kh2 Bd3 49.Qf2+ Kd1
50.Bh5+ Kc1 51.Qe1+ Kb2 52.Bd1 Bb5 53.Qd2+ Ka3 54.Qc3+ Ka2 55.Qd2+ Ka3 56.Qd8 a4
57.Qe7 Bc4 58.g4 Bb3 59.Bf3 Bc4 60.g5 hxg5 61.hxg5 Kb3 62.Bd1+ Ka3 63.g6 Bb3
64.Bf3 Bc4 65.g7 Kb3 66.Bd1+ Ka3 67.Bh5 Bd5 68.Bf7 Bxf7 69.Qxf7 Rb2+ 70.Kg3 Rb3+
71.Kf4 Rb4+ 72.Ke5 Rb5+ 73.Kd4 Rb4+ 74.Kc5 Rb8 75.g8=Q Rxg8 76.Qxg8 Kb2 77.Kb4  1-0

[Event "Olympiad"]
[Site "Bled SLO"]
[Date "2002.11.01"]
[Round "7"]
[White "Guseinov,K"]
[Black "Frey,H"]
[Result "1-0"]
[WhiteElo "2513"]
[BlackElo "2322"]

1.e4 c5 2.Nf3 e6 3.d4 cxd4 4.Nxd4 a6 5.Nc3 Qc7 6.g3 Nf6 7.Bg2 Nc6 8.O-O Nxd4
9.Qxd4 Bc5 10.Bf4 d6 11.Qd2 h6 12.Rad1 e5 13.Be3 Bg4 14.Bxc5 dxc5 15.f3 Be6
16.f4 O-O 17.Nd5 Bxd5 18.exd5 Rae8 19.d6 Qb6 20.c4 exf4 21.Rxf4 Re6 22.Bh3 Re4
23.d7 Rd8 24.Rxe4 Nxe4 25.Qe3 Ng5 26.Qe8+ Kh7 27.Bg2 Qf6 28.Kh1 Ne6 29.Rf1 Qg6
30.Re1 Qf6 31.Rf1 Qg6 32.Bd5 Qd3 33.Re1  1-0

[Event "Olympiad"]
[Site "Bled SLO"]
[Date "2002.11.01"]
[Round "7"]
[White "Atakisi,U"]
[Black "Salov,S"]
[Result "0-1"]
[WhiteElo "2340"]
[BlackElo "2297"]

1.e4 c5 2.Nf3 e6 3.d4 cxd4 4.Nxd4 a6 5.Nc3 b5 6.Bd3 Qb6 7.Be3 Bc5 8.Be2 Nc6
9.Nxc6 dxc6 10.Bxc5 Qxc5 11.O-O e5 12.Qd3 Nf6 13.Kh1 O-O 14.f4 exf4 15.Rxf4 Nd7
16.Qg3 Ne5 17.Rh4 Be6 18.b4 Qe7 19.Rh5 f6 20.a3 Bf7 21.Rf5 a5 22.Rb1 axb4
23.axb4 Rfd8 24.Rff1 Rd4 25.h3 Kh8 26.Qe1 Rxb4 27.Ra1 Rd8 28.Rd1 Rbd4 29.Rxd4 Rxd4
30.Qa1 Rd8 31.Rd1 b4 32.Rxd8+ Qxd8 33.Qd1 Qa8 34.Nb1 c5 35.Nd2 c4 36.Nf3 Nxf3
37.Bxf3 Qb8 38.Be2 b3 39.cxb3 cxb3 40.Bd3 Qd6 41.Qe2 Qd4 42.Bb1 g6 43.Kh2 Bc4
44.Qe1 Bd3 45.Bxd3 Qxd3 46.Qb4 Kg8 47.Qe7 Qc3 48.Qd8+ Kg7 49.Qe7+ Kh6 50.Qf8+ Kg5
51.Qa3 Kf4 52.e5 Kxe5 53.Qe7+ Kd5 54.Qd7+ Kc4 55.Qc6+ Kd3 56.Qf3+ Kc2 57.Qe2+ Kb1
58.Qf1+ Kb2 59.Qf2+ Ka1 60.Qf1+ Ka2 61.Qe2+ b2 62.Qa6+ Kb3 63.Qb5+ Qb4 64.Qd3+ Ka2
65.Qa6+ Qa3 66.Qe6+ Ka1 67.Qxf6 Qa5 68.Qd4 Qc7+ 69.Kh1 Qc6 70.Kh2 Ka2 71.Qa7+ Kb3
72.Qe3+ Qc3 73.Qe6+ Qc4 74.Qb6+ Qb4 75.Qe6+ Ka3 76.Qa6+ Qa4 77.Qd3+ Ka2 78.Qd5+ Ka1
79.Qe5 h6 80.Qf6 g5 81.Kh1 Qa5 82.Qd4 Qc7 83.g4 Qf4 84.Qa7+ Kb1 85.Kg2 Qd2+
86.Kh1 Qc3 87.Kg2 Kc1 88.Qg1+ Kc2  0-1